[Event "Mitropa Online Cup Open 2021"]
[Site "Hybrid"]
[Date "2021.05.04"]
[Round "2.20"]
[White "Tica, Sven"]
[Black "Fecker, Noah"]
[Result "1-0"]
[WhiteElo "2396"]
[BlackElo "2308"]
[Annotator "NA"]
[PlyCount "61"]
[EventDate "2021.05.04"]
[EventType "team-tourn"]
[EventCountry "NET"]
[SourceTitle "playchess.com"]
[Source "ChessBase"]
[SourceQuality "1"]
[WhiteTeam "Croatia"]
[BlackTeam "Switzerland"]
[WhiteTeamCountry "CRO"]
[BlackTeamCountry "SUI"]
[TimeControl "40/5400+30:1800+30"]

1. d4 {[%emt 0:00:00]} Nf6 {[%emt 0:00:04]} 2. Nf3 {[%emt 0:00:04]} g6 {[%emt 0:00:16]} 3. Nbd2 {[%emt 0:00:04]} d5 {[%emt 0:01:15]} 4. e3 {[%emt 0:00:06]} Bg7 {[%emt 0:01:35]} 5. b4 {[%emt 0:00:03]} O-O {[%emt 0:02:21]} 6. c4 {[%emt 0:00:26]} a5 {[%emt 0:08:17]} 7. b5 {[%emt 0:00:54]} c5 {[%emt 0:03:48]} 8. dxc5 {[%emt 0:00:36]} Nfd7 {[%emt 0:05:11]} 9. Ba3 {[%emt 0:33:53]} Bxa1 {[%emt 0:03:15]} 10. Qxa1 {[%emt 0:00:07]} Nf6 {[%emt 0:03:26]} 11. cxd5 {[%emt 0:07:19]} Nxd5 {[%emt 0:03:52]} 12. Bc4 {[%emt 0:01:27]} Nf6 {[%emt 0:16:24]} 13. Qc3 {[%emt 0:07:43]} Bg4 {[%emt 0:04:50]} 14. Nd4 {[%emt 0:12:25]} e5 {[%emt 0:21:50]} 15. N4f3 {[%emt 0:08:32]} Be6 {[%emt 0:05:55]} 16. Bxe6 {[%emt 0:06:32]} fxe6 {[%emt 0:00:04]} 17. c6 {[%emt 0:00:40]} Rf7 {[%emt 0:03:55]} 18. Nxe5 {[%emt 0:04:03]} Rc7 {[%emt 0:03:17]} 19. Bb2 {[%emt 0:03:54]} bxc6 {[%emt 0:02:04]} 20. b6 {[%emt 0:00:51]} Rb7 {[%emt 0:00:47]} 21. Ng4 {[%emt 0:00:37]} Nbd7 {[%emt 0:00:06]} 22. Ne4 {[%emt 0:01:02]} e5 {[%emt 0:01:19]} 23. Nexf6+ {[%emt 0:00:50]} Nxf6 {[%emt 0:00:05]} 24. Qxe5 {[%emt 0:00:11]} Nxg4 {[%emt 0:02:17]} 25. Qh8+ {[%emt 0:00:30]} Kf7 {[%emt 0:00:01]} 26. Qxh7+ {[%emt 0:00:23]} Ke8 {[%emt 0:00:01]} 27. Qxb7 {[%emt 0:01:13]} Qc8 {[%emt 0:00:15]} 28. Qg7 {[%emt 0:00:51]} Qf5 {[%emt 0:00:08]} 29. O-O {[%emt 0:00:58]} Rd8 {[%emt 0:00:14]} 30. b7 {[%emt 0:01:40]} Nxf2 {[%emt 0:00:18]} 31. Qg8+ {[%emt 0:00:10]} 1-0

[Event "Mitropa Online Cup Open 2021"]
[Site "Hybrid"]
[Date "2021.05.04"]
[Round "3.1"]
[White "Zelcic, Robert"]
[Black "Koellner, Ruben Gideon"]
[Result "0-1"]
[WhiteElo "2539"]
[BlackElo "2412"]
[Annotator "TA"]
[PlyCount "114"]
[EventDate "2021.05.04"]
[EventType "team-tourn"]
[EventCountry "NET"]
[SourceTitle "playchess.com"]
[Source "ChessBase"]
[SourceQuality "1"]
[WhiteTeam "Croatia"]
[BlackTeam "Germany"]
[WhiteTeamCountry "CRO"]
[BlackTeamCountry "GER"]

{[%evp 12,114,23,18,22,22,44,37,45,20,31,29,43,14,28,8,10,6,9,0,0,-25,-2,-50,0,0,0,-10,-4,-12,0,0,6,0,0,0,15,8,12,12,19,19,19,12,10,10,15,6,55,0,0,0,0,0,0,0,0,8,3,2,8,8,3,6,15,0,8,8,8,8,8,8,8,-10,-10,-8,-8,-12,-8,-8,-8,-8,-8,-8,-8,-174,-162,-155,-160,-312,-292,-312,-266,-425,-417,-406,-405,-376,-350,-757,-738,-745,-765,-954,-912]} 1. e4 d6 2. d4 Nf6 3. Nc3 e5 4. Nf3 Nbd7 5. Bc4 Be7 6. a4 O-O 7. O-O exd4 {C41: Philidor Defence.} 8. Nxd4 Re8 9. h3 {[#]} Ne5 $146 {White is slightly better.} ({Predecessor:} 9... c6 10. Re1 Bf8 11. Bf4 Nxe4 12. Bxf7+ Kxf7 13. Nxe4 Nf6 14. Ng5+ Kg8 15. Qd3 g6 {1-0 (28) Kemper,Y (1856)-Hoppe,J (1661) Weilerbach 2019}) 10. Be2 c5 11. Nf3 Nc6 12. Bf4 Bf8 13. Bc4 Be6 14. Bxe6 Rxe6 15. Re1 h6 16. Nd2 d5 17. e5 Nd7 (17... d4 $5 {[%cal Rd4c3]} 18. exf6 dxc3 19. Rxe6 (19. bxc3 Qxf6 20. Rxe6 Qxe6 $15) 19... cxb2 $15) 18. Nxd5 Ndxe5 19. Bxe5 {[#] Hoping for Nc4.} Qxd5 20. Nf3 Qxd1 (20... Rd8 {seems wilder.} 21. Qxd5 Rxd5 22. Bc3 Rxe1+ 23. Rxe1 f6) 21. Raxd1 Rae8 {[%cal Rc6e5]} 22. Bc3 Rxe1+ 23. Bxe1 Re2 24. Bc3 g6 ({Don't play} 24... Rxc2 $6 25. Kf1 $16) 25. Kf1 Re4 ({Much weaker is} 25... Rxc2 $6 26. Ne1 $16) 26. Rd7 Re7 27. Rxe7 Nxe7 $11 {[%mdl 4096] Endgame KBN-KBN} 28. Ke2 Nd5 $1 29. Be5 f6 {[#]} 30. Bb8 (30. c4 $1 $14) 30... a6 31. Kd3 Kf7 32. a5 Ke6 33. Kc4 b5+ 34. axb6 $1 Nxb6+ 35. Kd3 Kd5 36. Nh4 g5 37. Nf5 c4+ 38. Kd2 Bc5 39. Nxh6 Bxf2 40. Ng4 Bd4 41. c3 f5 42. Nh6 (42. Bc7 {is more complex.} fxg4 43. cxd4 gxh3 44. gxh3 Nc8 45. Kc3) 42... Be5 43. Ba7 Nc8 44. Be3 Nd6 45. Ke2 Bf6 46. Kf3 a5 47. Ng8 Bd8 48. g4 $2 {Now White is beyond hope.} (48. Nh6 $11 {and White is okay.}) 48... f4 $19 49. Bd4 Ne4 50. Nh6 $2 (50. Ke2 $17) 50... Nd2+ 51. Ke2 Nb3 52. Nf5 (52. Bg7 {keeps fighting.}) 52... a4 53. Bg7 Nc1+ 54. Kd2 Nd3 55. Bh6 $2 (55. Kc2 Ke4 56. Nd6+ Ke3 57. Nxc4+ Ke2 58. Nd6) 55... Nxb2 {Black is clearly winning.} 56. Nd4 Nd3 57. Kc2 Ke4 {Weighted Error Value: White=0.33/Black=0.04} 0-1

[Event "Mitropa Online Cup Open 2021"]
[Site "Hybrid"]
[Date "2021.05.04"]
[Round "3.1"]
[White "Rogic, Davor"]
[Black "Prusikin, Michael"]
[Result "1/2-1/2"]
[WhiteElo "2492"]
[BlackElo "2547"]
[Annotator "TA"]
[PlyCount "61"]
[EventDate "2021.05.04"]
[EventType "team-tourn"]
[EventCountry "NET"]
[SourceTitle "playchess.com"]
[Source "ChessBase"]
[SourceQuality "1"]
[WhiteTeam "Croatia"]
[BlackTeam "Germany"]
[WhiteTeamCountry "CRO"]
[BlackTeamCountry "GER"]

{[%evp 15,61,28,35,20,14,21,17,21,15,11,60,60,63,63,61,70,64,68,61,22,24,24,39,11,44,15,18,10,10,0,0,0,0,0,0,0,2,6,14,0,0,0,0,0,0,0,0,-2]} 1. e4 e5 2. Nf3 Nc6 3. Bb5 a6 4. Ba4 Nf6 5. O-O b5 6. Bb3 Bc5 7. a4 Rb8 8. axb5 axb5 {[#]} 9. Nxe5 $1 {[%mdl 64] Remove Defender 9.Nxe5 scores better than 9.c3. C78: Ruy Lopez: Archangelsk and Möller Defences.} Nxe5 10. d4 Bxd4 11. Qxd4 d6 12. f4 c5 13. Qd2 {[#]} Nc4 $146 ({Don't go for} 13... Nxe4 $2 14. Qe3 $18) ({Predecessor:} 13... Nc6 14. e5 dxe5 15. fxe5 Qxd2 16. Nxd2 Nxe5 17. Re1 Nfd7 18. Nf3 f6 19. Bd5 Kd8 {½-½ (31) Damaso,R (2456)-Stopa,J (2544) Porto 2015}) 14. Bxc4 bxc4 15. e5 Ne4 16. Qe3 Bb7 17. Nd2 Nxd2 18. Bxd2 {[#] Strongly threatening exd6+.} O-O 19. Bc3 dxe5 20. Bxe5 (20. Qxe5 {is interesting.} f6 21. Qxc5 Rc8 22. Qf2 Re8 23. h3) 20... Rc8 {The position is equal.} 21. Rfd1 Qh4 22. Qg3 (22. Qf2 {feels hotter.} Qxf2+ 23. Kxf2 Be4 24. Rd2 f6 25. Bc3) 22... Qxg3 23. hxg3 f6 24. Bc3 Be4 25. Rd2 Rcd8 26. Re2 Rfe8 27. Ra4 Bd5 28. Rxe8+ Rxe8 29. Kf2 Ra8 30. Rxa8+ Bxa8 31. Bd2 {Weighted Error Value: White=0.05/Black=0.06} 1/2-1/2

[Event "Mitropa Online Cup Open 2021"]
[Site "Hybrid"]
[Date "2021.05.04"]
[Round "3.1"]
[White "Parvanyan, Ashot"]
[Black "Kovacevic, Blazimir"]
[Result "1/2-1/2"]
[WhiteElo "2436"]
[BlackElo "2410"]
[Annotator "TA"]
[PlyCount "162"]
[EventDate "2021.05.04"]
[EventType "team-tourn"]
[EventCountry "NET"]
[SourceTitle "playchess.com"]
[Source "ChessBase"]
[SourceQuality "1"]
[WhiteTeam "Germany"]
[BlackTeam "Croatia"]
[WhiteTeamCountry "GER"]
[BlackTeamCountry "CRO"]

{[%evp 12,162,13,16,23,24,24,19,28,19,22,0,-15,-15,-6,-32,14,19,32,37,37,12,22,10,20,22,43,0,8,0,2,1,18,7,9,-2,0,0,0,0,0,-18,-4,-57,0,-4,-8,-47,-33,-47,-44,-62,-54,-175,-83,-82,-73,-131,-83,-170,-156,-202,-95,-175,-114,-144,-39,-48,-50,-45,-16,-26,-25,-48,-44,-51,-35,-69,-69,-68,-75,-113,-112,-104,-115,-301,-170,-190,-168,-197,-140,-151,-168,-146,-145,-118,-11,-11,0,-312,-303,-183,-183,-183,0,-279,-90,-91,-91,-91,-91,-329,-73,-120,-73,-73,-73,-73,-47,-73,-73,-183,-47,-47,-51,-68,-47,-286,-25,-66,0,-47,-47,-287,-47,-47,0,0,0,-73,-47,-73,-69,-66,-22,-73,0,0,0,-62,0,0,0]} 1. Nf3 Nf6 2. c4 e6 3. g3 b6 4. Bg2 Bb7 5. O-O Be7 6. d4 O-O 7. Re1 c6 {7...Na6 is a critical line. E17: Queen's Indian: 4 g3 Bb7 5 Bg2 Be7.} 8. e4 d5 $1 9. e5 Ne4 10. Bf4 {[#]} Na6 $146 ({Predecessor:} 10... Nd7 11. cxd5 cxd5 12. Nbd2 Nxd2 13. Qxd2 a5 14. Rec1 Ba6 15. Bf1 Bxf1 16. Kxf1 b5 {1-0 (39) Svane,R (2529)-Derakhshani,D (2307) Doha 2015}) 11. Nfd2 Nxd2 $1 12. Nxd2 Nb4 13. Qb3 a5 14. a3 a4 15. Qc3 Na6 16. Rad1 Nc7 17. Qf3 Qd7 18. Qg4 Rfd8 19. Nf3 (19. h4 {looks sharper.} Qe8 20. Bh6 Qf8 21. Bg5 c5 22. cxd5 Bxd5 23. Bxd5 Rxd5 24. Bxe7 Qxe7 25. Nc4) 19... Ba6 20. cxd5 cxd5 21. h4 Ne8 22. h5 Rdc8 23. Rd2 Ra7 24. h6 {Threatening hxg7.} g6 25. Bg5 Bf8 26. Bf1 Bxf1 27. Kxf1 (27. Rxf1 $11 b5 28. Nh4) 27... Rac7 (27... b5 $15) 28. Kg2 b5 29. Re3 b4 30. axb4 Bxb4 31. Rde2 Qb5 32. Ng1 ({White should try} 32. Qh4 $1 $15) 32... Bf8 (32... Rc1 $1 $19 {has better winning chances.} 33. Nh3 Rd1) 33. Rf3 $17 Rc2 34. Qf4 Qd7 35. g4 (35. Rfe3 $17) 35... Qb7 36. Kh3 R2c4 (36... Rxe2 $19 37. Nxe2 Bb4) 37. Rd2 (37. b3 $17 axb3 38. Rb2) 37... Rb4 (37... Bb4 $19 38. Re2 Rc2) 38. Ne2 Rb3 (38... Qa7 $17 39. Nc3 Rcc4) 39. Rxb3 $15 Qxb3+ 40. Qe3 Qb4 41. Qd3 Rc4 42. Nc3 Qb6 43. Kg2 Qb7 44. Nd1 Nc7 45. Be3 Na6 46. g5 Nb4 47. Qe2 Nc6 48. Qf3 $2 (48. f3 $17) 48... Ne7 (48... Qb4 $142 {[%cal Rc6d4]} 49. Qf4 Ne7) 49. Qe2 $19 Nf5 50. Qd3 Be7 (50... Bb4 $19 51. Rc2 Qa8) 51. f4 Bb4 52. Re2 Ba5 53. Bf2 Rc8 (53... Qb5 $17) 54. Rc2 $11 {Threatens to win with Qb5!} Rc4 55. Kf1 $2 {[%mdl 8192]} (55. Re2 $1 $11) 55... Qc6 $19 56. Re2 Qb5 57. Kg2 Qb7 $2 (57... Kf8 $1 $19 58. Ne3 Nxd4 59. Nxc4 Nxe2 60. Qxe2 Qxc4) 58. Qa3 $2 {[%mdl 8192]} (58. b3 $1 $11 {and White has nothing to worry.} axb3 59. Rb2) 58... Bd8 $2 (58... Nxd4 $19 {and Black stays clearly on top.} 59. Bxd4 Rxd4 {[%mdl 64] Double Attack}) 59. Rd2 $17 Be7 60. Qd3 Bf8 61. Qf3 $2 (61. Rc2 $17) 61... Rc8 $2 (61... Bb4 $19 62. Rd3 Rc2) 62. Ne3 Qb4 63. Qd1 Nxe3+ 64. Bxe3 Rc4 65. Qe2 Qb3 66. Qd3 (66. Rd1 $17) 66... Qb5 (66... Qxd3 $1 $19 67. Rxd3 Bb4) 67. Kf3 Qc6 68. Re2 Qb7 69. Qd2 $2 {[#]} (69. Rc2 $15) 69... Rb4 $2 (69... Qb3 $1 $19 {Strongly threatening ...Bb4.} 70. Rf2 Bb4) 70. Qc3 Rb3 (70... Be7 $15) 71. Qa5 Qc6 {And now ...Qc4 would win.} 72. Kf2 $2 {[#]} (72. Qe1 $15) 72... Qc4 $2 (72... Rb4 $1 $19 {Hoping for ...Qc4.} 73. Kf3 Qc4) 73. Qd2 $15 Qb5 74. Qc1 Rb4 75. Qd2 (75. Rc2 $11) 75... Rc4 76. Qd1 Qb4 77. Qd3 Qb7 78. Qd1 (78. Rc2 $11 {remains equal.}) 78... Rb4 (78... Be7 $17) 79. Qc1 $11 Qb5 80. Qc2 (80. Qd2 $11) 80... Rb3 (80... Qb8 $15) 81. Qc1 Rb4 {And White is the lucky defender.  Weighted Error Value: White=0.28/Black=0.26} 1/2-1/2

[Event "Mitropa Online Cup Open 2021"]
[Site "Hybrid"]
[Date "2021.05.04"]
[Round "3.1"]
[White "Krastev, Alexander"]
[Black "Tica, Sven"]
[Result "1-0"]
[WhiteElo "2367"]
[BlackElo "2396"]
[Annotator "TA"]
[PlyCount "93"]
[EventDate "2021.05.04"]
[EventType "team-tourn"]
[EventCountry "NET"]
[SourceTitle "playchess.com"]
[Source "ChessBase"]
[SourceQuality "1"]
[WhiteTeam "Germany"]
[BlackTeam "Croatia"]
[WhiteTeamCountry "GER"]
[BlackTeamCountry "CRO"]

{[%evp 15,93,31,15,19,25,7,11,8,21,0,0,0,10,3,0,0,9,0,10,7,9,7,14,-11,0,0,8,2,2,0,7,0,31,33,72,42,53,18,31,0,18,0,0,0,0,0,0,-1,0,0,0,0,0,0,0,0,0,-53,0,0,0,0,0,0,256,264,261,252,259,264,262,255,255,252,256,250,246,244,256,249]} 1. e4 c6 2. d4 d5 3. Nc3 dxe4 4. Nxe4 Nf6 5. Nxf6+ exf6 6. c3 Bd6 7. Bd3 O-O 8. Ne2 Re8 9. O-O {B15: Caro-Kann: 3 Nc3: 3...g6 and 3...dxe4 4 Nxe4 Nf6 5 Nxf6+ exf6.} Nd7 {[%cal Bb8d7,Bd7b6,Bb6d5][%mdl 32]} 10. Ng3 g6 11. Ne4 {[#] The position is equal.} Bf8 $146 ({Predecessor:} 11... Be7 12. Bf4 Nb6 13. Re1 Nd5 14. Bh6 f5 15. Ng5 Bd7 16. Qd2 Qc7 17. g3 Rad8 {½-½ (48) Bracker,A (2297)-Krstulovic,A (2338) Budapest 2020}) 12. Bf4 Nb6 13. Re1 {Black must now prevent Bc7!} Nd5 14. Bd2 f5 15. Ng5 Rxe1+ 16. Qxe1 Qc7 17. Qe8 {And now Nxh7 would win.} Rb8 {next ...h6 is good for Black.} 18. Re1 b5 19. Qe2 Bd7 20. Nf3 Re8 21. Qd1 Rxe1+ 22. Qxe1 Bd6 23. b3 Nf4 24. Bf1 f6 25. c4 Kf7 26. Bb4 g5 27. Qc3 bxc4 28. bxc4 Bxb4 29. Qxb4 c5 30. dxc5 Ne6 31. Nd2 Qxc5 32. Qb7 Ke7 33. Nb3 Qa3 34. Qd5 {Strongly threatening c5.} Qxa2 35. c5 {[%cal Bc4c5,Bc5c6][%mdl 32] Qd6+ is the strong threat.} Qc2 36. g3 (36. Qd6+ $11 Ke8 37. Qb8+ Ke7 38. Qd6+ Ke8 39. Qb8+ Kf7 40. Qxa7) 36... Qe4 (36... Qc3 $1 $15) 37. Qd6+ $11 Ke8 38. Qb8+ Nd8 {( -> ...Bc6)} 39. Na5 $36 {[%mdl 2048] Threatens to win with c6. White has good play.} Qd5 {[%mdl 8192] [#]} (39... a6 $11) 40. c6 $1 $18 {[%cal Rc6c7] aiming for c7.} Ke7 ({Don't blunder} 40... Qxa5 $2 41. c7 $18) 41. Qb4+ ({And not} 41. cxd7 Qxa5 42. Qb3 Kxd7 $11) ({Inferior is} 41. Qxa7 Nxc6 42. Nxc6+ Qxc6 $17) 41... Qd6 42. Qxd6+ Kxd6 43. cxd7 Kxd7 44. Bd3 Ke6 45. Kf1 Ke5 46. Ke2 h6 47. Ke3 {Weighted Error Value: White=0.08/Black=0.18} 1-0

[Event "Mitropa Online Cup Open 2021"]
[Site "Hybrid"]
[Date "2021.05.04"]
[Round "3.2"]
[White "Studer, Noel"]
[Black "Markoja, Boris"]
[Result "1/2-1/2"]
[WhiteElo "2579"]
[BlackElo "2442"]
[Annotator "TA"]
[PlyCount "91"]
[EventDate "2021.05.04"]
[EventType "team-tourn"]
[EventCountry "NET"]
[SourceTitle "playchess.com"]
[Source "ChessBase"]
[SourceQuality "1"]
[WhiteTeam "Switzerland"]
[BlackTeam "Slovenia"]
[WhiteTeamCountry "SUI"]
[BlackTeamCountry "SLO"]

{[%evp 22,91,50,41,66,20,20,4,52,43,47,37,58,36,75,72,88,66,55,27,63,0,78,63,78,77,75,8,6,9,9,8,35,28,133,20,178,100,95,68,86,69,78,63,67,10,18,9,11,8,8,8,14,0,5,0,0,0,0,0,0,0,0,0,0,0,0,0,0,0,0,0]} 1. d4 Nf6 2. c4 e6 3. Nc3 c5 4. d5 exd5 5. cxd5 d6 6. Nf3 g6 7. Nd2 Nbd7 8. e4 a6 9. a4 Bg7 10. Be2 O-O 11. O-O Re8 12. h3 g5 {A77: Modern Benoni: Classical: 9...Re8 10 Nd2: 10...a6 and 10...Nbd7.} 13. Re1 Ne5 14. Nf1 h6 15. Ng3 g4 {[#]} 16. f4 $146 ({Predecessor:} 16. h4 Nh7 17. a5 Qxh4 18. Na4 h5 19. Nb6 Rb8 20. Ra3 Rf8 21. Qd2 Kh8 22. Qf4 {1-0 (31) Berkes,F (2682)-Rapport,R (2559) Plovdiv 2012}) 16... gxf3 $1 17. Bxf3 Bd7 {[#]} 18. Be2 $1 c4 19. Be3 b5 20. Qd2 {Strongly threatening axb5.} Kh7 21. Bd4 (21. Rf1 $14) 21... Rg8 (21... b4 $11) 22. Rf1 b4 23. Nd1 Bh8 24. Qf4 (24. Bxe5 $16 {aiming for Bf4.} dxe5 25. Qe3) 24... Rxg3 $1 $11 {[%mdl 64] Remove Defender} 25. Qxg3 Nxe4 26. Qe3 f5 27. Nf2 $36 {[%mdl 2048] White has good play.} Nxf2 (27... Nc5 $11) 28. Rxf2 (28. Qxf2 $16 {Black must now prevent Rac1.} Qg5 29. Rac1) 28... Qg8 $2 {[#]} (28... Qg5 $11) 29. Bxe5 ({White should try} 29. Bxc4 $1 $18 {[%mdl 512]} Re8 30. Qb3 (30. Bxa6 Nc6 $16)) 29... Bxe5 $16 30. Bxc4 Qg7 $1 31. Rd1 Bxb2 32. Bd3 Rg8 33. g4 (33. a5 $14) 33... Qe5 $1 $11 {[%cal Re5e3] The position is equal.} 34. Qxe5 Bxe5 35. Bxf5+ Bxf5 36. Rxf5 {[%mdl 4096] Endgame KRR-KRB} Rb8 37. Kf2 b3 {[%cal Bb4b3,Bb3b2][%mdl 32]} 38. Rb1 b2 39. Ke2 Rb4 40. Rxe5 dxe5 {KR-KR} 41. d6 Re4+ 42. Kf3 Rxa4 43. Rxb2 Rd4 44. Rb6 a5 45. h4 h5 46. gxh5 {Weighted Error Value: White=0.22/Black=0.23} 1/2-1/2

[Event "Mitropa Online Cup Open 2021"]
[Site "Hybrid"]
[Date "2021.05.04"]
[Round "3.2"]
[White "Sebenik, Matej"]
[Black "Bogner, Sebastian"]
[Result "1/2-1/2"]
[WhiteElo "2498"]
[BlackElo "2577"]
[Annotator "TA"]
[PlyCount "81"]
[EventDate "2021.05.04"]
[EventType "team-tourn"]
[EventCountry "NET"]
[SourceTitle "playchess.com"]
[Source "ChessBase"]
[SourceQuality "1"]
[WhiteTeam "Slovenia"]
[BlackTeam "Switzerland"]
[WhiteTeamCountry "SLO"]
[BlackTeamCountry "SUI"]

{[%evp 15,81,0,0,0,6,0,25,0,0,-4,0,-16,-22,-41,-34,-32,-34,-27,-24,-189,-203,-258,-250,-247,-249,-295,-186,-171,-111,-245,-183,-171,-171,-164,-170,-163,-5,-5,-5,-4,0,0,0,0,0,0,0,0,0,0,0,0,0,0,0,0,0,0,0,0,0,0,0,0,0,0,0,0]} 1. d4 Nf6 2. c4 e6 3. Nf3 d5 4. Nc3 dxc4 5. e3 a6 6. Bxc4 b5 7. Bb3 Bb7 8. O-O c5 9. e4 $1 {[%mdl 4] is more profitable than 9.Qe2 at the moment. D27: Queen's Gambit Accepted: Classical main line: 7 e4!? and 7 a4.} cxd4 10. Nxd4 Nbd7 11. Re1 {White has an edge.} Ne5 12. Nd5 Nfd7 13. Bg5 Qxg5 14. Nc7+ Ke7 15. Nxa8 Bxa8 16. Rc1 {Hoping for Rc8.} g6 $1 {[#]} 17. Rc7 $146 {[#]} (17. g3 $1 $11 Qh5 18. Qd2) ({Predecessor:} 17. g3 Qh5 18. Qd2 Bh6 19. Qb4+ Kf6 20. Rc7 Nd3 21. Qd6 Nxe1 22. Rxd7 Re8 23. e5+ {½-½ (30) Ivanisevic,I (2567)-Vrolijk,L (2419) Dieren 2018}) 17... Bh6 $1 $19 18. a4 Qd2 19. axb5 axb5 20. Nxb5 Rb8 21. Ba4 Bc6 (21... Qa5 $19 22. Ra7 (22. Qd6+ $2 Kf6 $19) 22... Qb6) 22. Nc3 (22. Qxd2 $17 {was the only defense.} Bxd2 23. Rd1) 22... Rxb2 23. Qxd2 Bxd2 24. Rd1 Bxc3 25. Bxc6 {[#]} Bd2 $2 ({Black should try} 25... Bd4 $1 $19 {[%mdl 512]} 26. Rxd7+ Nxd7 27. Bxd7 Bxf2+ 28. Kh1 Bc5) 26. Bxd7 $11 {Threatens to win with Ba4+.The position is equal.} Nxd7 (26... Kd6 {seems wilder.} 27. Rc3 Kxd7 28. f4 Ke7 29. Rc7+ Nd7) 27. Kf1 $1 e5 28. Rxd7+ Kxd7 {[%mdl 4096] Endgame KRB-KR} 29. Ke2 Kc6 30. Rxd2 Rxd2+ 31. Kxd2 {KP-KP} Kb5 32. Kc3 Kc5 33. g3 f6 34. f3 h5 35. h3 g5 36. h4 gxh4 37. gxh4 Kb5 38. Kb3 Kc5 {And now ...Kd4 would win.} 39. Kc3 Kb5 40. Kb3 Kc5 {aiming for ...Kd4.} 41. Kc3 {And White is the lucky defender.  Weighted Error Value: White=0.23/Black=0.20} 1/2-1/2

[Event "Mitropa Online Cup Open 2021"]
[Site "Hybrid"]
[Date "2021.05.04"]
[Round "3.2"]
[White "Spalir, Jernej"]
[Black "Kurmann, Oliver"]
[Result "1/2-1/2"]
[WhiteElo "2389"]
[BlackElo "2430"]
[Annotator "TA"]
[PlyCount "72"]
[EventDate "2021.05.04"]
[EventType "team-tourn"]
[EventCountry "NET"]
[SourceTitle "playchess.com"]
[Source "ChessBase"]
[SourceQuality "1"]
[WhiteTeam "Slovenia"]
[BlackTeam "Switzerland"]
[WhiteTeamCountry "SLO"]
[BlackTeamCountry "SUI"]

{[%evp 19,72,0,0,-24,-18,-8,-12,-3,10,-18,-22,-51,-51,-53,-31,-22,-20,-52,-13,-58,-46,-52,-55,-64,-61,-71,-64,-65,-54,-227,-228,-211,-229,-233,-217,-222,0,0,0,0,0,0,0,0,0,0,0,0,0,0,0,0,0,0,0]} 1. d4 Nf6 2. c4 e6 3. Nc3 Bb4 4. e3 O-O 5. Nge2 d5 6. a3 Be7 7. cxd5 exd5 8. g3 a5 9. Bg2 Re8 10. O-O c6 11. h3 {E46: Nimzo-Indian: Rubinstein: 4 e3 0-0 5 Ne2 without early Bd3.} Na6 12. f3 c5 {[#]} 13. Kh2 $146 ({Predecessor:} 13. dxc5 Nxc5 14. Nf4 Bd6 15. Nfxd5 Nxd5 16. Nxd5 Bxg3 17. e4 Qh4 18. Be3 Bxh3 19. Bxh3 Qxh3 {0-1 (46) Carlsen,T (2641)-Marczell,P (2577) ICCF email 2007}) 13... h6 14. Nf4 Nc7 15. Na4 cxd4 $1 16. Nb6 Ra6 17. Nxc8 Qxc8 18. exd4 Ne6 19. Re1 Bd6 20. Nxe6 Rxe6 21. Rxe6 Qxe6 22. Bd2 a4 23. Bf1 Rb6 24. Bc3 $2 {[#]} ({Only move:} 24. Qc2 $15) 24... Nh5 $1 $19 {[%cal Rh5g3]} 25. f4 {[#]} Nxg3 {[%mdl 576] Decoy} 26. Kxg3 {And now Bd3 would win.} Qe3+ {[%mdl 64] Double Attack} 27. Kg2 Bxf4 $2 ({Black should play} 27... Qxf4 $19 {( -> ...Qg3+)} 28. Qg4 Qh2+ 29. Kf3 Qc2) 28. Kh1 $11 {The position is equal.} Rg6 {[%csl Ge3][%cal Rg6g1]} 29. Bg2 Rxg2 $1 30. Kxg2 Qg3+ 31. Kf1 {Qg4 is the strong threat.} Qxh3+ 32. Kf2 {Strongly threatening Qf3.} Qh2+ 33. Kf1 $1 {Hoping for Qf3.} Qh1+ 34. Kf2 Qh2+ 35. Kf1 $1 {aiming for Qf3.} Qh1+ 36. Kf2 Qh2+ {Weighted Error Value: White=0.23/Black=0.18} 1/2-1/2

[Event "Mitropa Online Cup Open 2021"]
[Site "Hybrid"]
[Date "2021.05.04"]
[Round "3.2"]
[White "Fecker, Noah"]
[Black "Dobrovoljc, Vid"]
[Result "0-1"]
[WhiteElo "2308"]
[BlackElo "2377"]
[Annotator "TA"]
[PlyCount "78"]
[EventDate "2021.05.04"]
[EventType "team-tourn"]
[EventCountry "NET"]
[SourceTitle "playchess.com"]
[Source "ChessBase"]
[SourceQuality "1"]
[WhiteTeam "Switzerland"]
[BlackTeam "Slovenia"]
[WhiteTeamCountry "SUI"]
[BlackTeamCountry "SLO"]

{[%evp 23,78,15,4,0,11,0,-7,-14,-19,-11,-10,-15,-3,-23,-24,-29,-12,-20,0,-2,0,0,0,-4,0,0,0,0,0,-46,-34,-37,-30,-135,-55,-84,-75,-73,-78,-73,-72,-71,-59,-108,-102,-369,-355,-919,-889,-859,-847,-844,-825,-2172,-1780,-29974,-29974]} 1. e4 e5 2. Nf3 Nc6 3. Bb5 a6 4. Ba4 Nf6 5. O-O Be7 6. Re1 b5 7. Bb3 O-O 8. a4 Bb7 9. d3 Re8 10. Nc3 b4 11. Nd5 Na5 12. Nxe7+ Qxe7 13. Ba2 {C88: Closed Ruy Lopez: Anti-Marshall Systems.} d5 14. exd5 Qd6 15. Ng5 {The position is equal.} Bxd5 16. Bxd5 Qxd5 17. Qf3 Rad8 {[#]} 18. Qxd5 $146 ({Predecessor:} 18. Ne4 Nxe4 19. Qxe4 Qxe4 20. Rxe4 b3 21. Bd2 Nc6 22. cxb3 Rxd3 23. Bc3 Red8 24. Kf1 {½-½ (83) Bos Swiecik,I (2245)-Slabek,A (2165) Poland 1991}) 18... Nxd5 19. b3 Nc6 20. Bb2 f5 (20... h6 {with more complications.} 21. Ne4 f6 22. Nc5 a5 23. Nb7 Ra8) 21. Rad1 Nc3 22. Bxc3 bxc3 23. Nf3 a5 24. Kf1 Kf7 25. h3 h6 26. Re3 e4 27. Ne1 $1 Nb4 $36 {[%mdl 2048] Black is pushing.} (27... f4 $5 28. Re2 $8 g6 $11) 28. g3 (28. Re2 $11 {keeps the balance.}) 28... g5 (28... exd3 $17 {aiming for ...Rxe3.} 29. Rxe8 Kxe8 30. cxd3 f4 31. gxf4 Rb8) 29. Rc1 Nd5 30. Re2 Nf6 31. Rb1 c5 32. Rc1 Rd4 33. dxe4 Nxe4 {...Nd2+ is the strong threat.} 34. Re3 $2 {[%mdl 8192] [#] This move loses the game for White.} (34. Nf3 $17 {was the only chance.} Rb4 35. Kg2) 34... f4 $1 $19 {[%cal Rf4e3]} 35. Rd3 (35. gxf4 gxf4 36. Rd3 Nd2+ 37. Kg2 Rxe1 38. Rxe1 Rxd3 39. cxd3 Nxb3 40. Re2) 35... Nd2+ 36. Kg2 {[#]} Rxe1 $1 {[%mdl 576] Remove Defender} 37. Rxe1 Rxd3 38. cxd3 f3+ 39. Kg1 Nxb3 {Weighted Error Value: White=0.85/Black=0.05} 0-1